000 00369nam a2200145Ia 4500
008 240624s9999 xx 000 0 und d
041 _aeng
082 _a658.4063 HBR
100 _aHARVARD BUSINESS SCHOOL
245 _aHARVARD BUSINESS REVIEW ON INNOVATION
250 _a(1st ed.)
260 _c2001
_aUSA
_bHBSP
300 _avii, : 222p. ; 20cm.
365 _cRS
_b30
999 _c13871
_d13871